| 000 | 00730nam a22002057a 4500 | ||
|---|---|---|---|
| 999 |
_c7568 _d7568 |
||
| 003 | AR-CdUCM | ||
| 008 | 190320b ||||| |||| 00| 0 spa d | ||
| 040 |
_aMUNICIPALIDAD PROVINCIAL DEL CUSCO _cBIBLIOTECA MUNICIPAL DEL CUSCO |
||
| 082 |
_a547 / _bL23 |
||
| 100 |
_aLanuza Escobar, J. A. _921373 |
||
| 245 | _aPracticas de química orgánica cíclica / | ||
| 260 |
_aMéxico : _bHispano-americana, _c1965. |
||
| 300 |
_a79 paginas ; _c26 cm. |
||
| 505 | _aContenido :Lista de experiencia -- Equipo y material -- Organización -- Programa de practicas -- Presupuesto global ... | ||
| 650 |
_aLogaritmos _921344 |
||
| 650 |
_aRegla de cálculos _921374 |
||
| 650 |
_aQuímica pura _910177 |
||
| 942 |
_2ddc _cLIBROS |
||
| 945 | _arum | ||